| Tag |
First Indicator |
Second Indicator |
Subfields |
| LEADER |
00000cam a2200000 a 4500 |
| 001 |
in00000086062 |
| 005 |
20151008064433.0 |
| 008 |
760609s1975 ncua b 10000 engm |
| 010 |
|
|
|a 75307023
|
| 020 |
|
|
|c $15.00
|
| 035 |
|
|
|a (OCoLC)03090988
|
| 035 |
|
|
|9 AAK4172AM
|
| 040 |
|
|
|a DLC
|c DLC
|d TXA
|d UtOrBLW
|
| 049 |
|
|
|a TXAM
|c [1196399]
|
| 050 |
0 |
0 |
|a TP930
|b .T48
|
| 082 |
0 |
|
|a 667/.38
|
| 245 |
0 |
0 |
|a Textile printing, an ancient art and yet so new :
|b [selected papers] : January 8-9, 1975, at the Hotel Roosevelt, New York City /
|c sponsored by the Printing Technology Committee of the American Association of Textile Chemists and Colorists.
|
| 264 |
|
1 |
|a Research Triangle Park, N.C. :
|b AATCC,
|c [1975]
|
| 264 |
|
4 |
|c ©1975
|
| 300 |
|
|
|a iv, 166 pages :
|b illustrations ;
|c 28 cm.
|
| 336 |
|
|
|a text
|b txt
|2 rdacontent
|
| 337 |
|
|
|a unmediated
|b n
|2 rdamedia
|
| 338 |
|
|
|a volume
|b nc
|2 rdacarrier
|
| 504 |
|
|
|a Includes bibliographical references.
|
| 650 |
|
0 |
|a Textile printing
|x Congresses.
|
| 710 |
2 |
|
|a American Association of Textile Chemists and Colorists.
|b Printing Technology Committee.
|
| 999 |
|
|
|a MARS
|
| 999 |
f |
f |
|s 6c38aacb-9471-3bb1-8859-592dc7985d5b
|i 61039a38-75f1-3f93-bca7-507f4cfc5fa7
|t 0
|
| 952 |
f |
f |
|p ric
|a Texas A&M University
|b Rellis Campus
|c Joint Library Facility
|d Remote Storage
|t 0
|e TP930 .T48
|h Library of Congress classification
|i unmediated -- volume
|m A14806257775
|
| 998 |
f |
f |
|a TP930 .T48
|t 0
|l Remote Storage
|